vegetable quiz - Statistics

General Stats
  • This quiz has been taken 41 times
  • The average score is 18 of 55
Answer Stats
Answer % Correct
Carrot
83%
Corn
83%
Onion
79%
Potato
79%
Tomato
79%
Cucumber
67%
Garlic
67%
broccoli
63%
Lettuce
63%
Beans
58%
Cabbage
58%
Cauliflower
58%
Peas
58%
Raddish
58%
Spinach
58%
Egg plant
54%
Pumpkin
54%
Asparagus
50%
Turnip
50%
Kale
46%
Celery
42%
Ginger
42%
Sweet Potato
42%
Beetroot
38%
Artichoke
33%
Okra
29%
Squash
29%
Leeks
25%
Brussel sprouts
21%
Mushrooms
21%
Parsley
21%
Yams
21%
Aubergine
17%
Rhubarb
17%
Bell peppers
13%
Butternut squash
13%
Collard
13%
Dill
13%
Kohlrabi
13%
Bokchoy
8%
Parsnips
8%
Watercress
8%
Amaranth
4%
Bitter gourd
4%
Bottle gourd
4%
Fennel
4%
String beans
4%
Tofu
4%
Zucchni
4%
Anise
0%
broccolini
0%
Chillies
0%
Drumstick
0%
Ridge gourd
0%
Snake gourd
0%
No matching quizzes found
Score Distribution
Percent of People with Each Score
Percentile by Number Answered
Your Score History
You have not taken this quiz